Open Data Biblioteca Nacional de Portugal


República Portuguesa: Ministério da Cultura
Biblioteca Nacional de Portugal

Catálogo da BNP: acesso por Identificadores Unívocos
Registos Bibliográficos associados ao registo de autoridade

Etiqueta de registo: 00908cam 2200229 450
001 1037489
003 http://id.bnportugal.gov.pt/bib/catbnp/1037489
005 20010117155100.0
100 ## $a20001031d1999 k y0pory0103 ba
101 0# $aeng$dpor
102 ## $aPT
105 ## $aa m 001yy
106 ## $ar
200 1# $aOn the contribution of science and technology to the economic development of OECD countries$bTexto policopiado]$fPedro Manuel Sousa Mendes Oliveira
210 #9 $aLisboa$c[s.n.],$d1999
215 ## $a162 p.$cil.$d30 cm
320 ## $aBibliografia, p. 149-155
328 ## $aTese mestr. Investigação Operacional e Engenharia de Sistemas, Univ. Técnica Lisboa, 1999
606 ## $2SIPOR$3967854
675 ## $a001(1-672) OCDE (043.2)$vBN$zpor$3967851
675 ## $a330.3(1-672) OCDE (043.2)$vBN$zpor$3967855
700 #1 $aOliveira,$bPedro,$f1971-$3966686
966 ## $lBN$mFGMON$sP. 15441 V.$x1

Etiqueta de registo: 00000nam 2200025 450
001 1921508
003 http://id.bnportugal.gov.pt/bib/catbnp/1921508
100 ## $a20160201d2015 k y0pory01030103ba
101 0# $aeng$dpor
102 ## $aPT
105 ## $aa m 001yy
106 ## $ar
200 1# $a An empirial investigation of ideas management systems$fMaria Inês dos Santos Mendonça Padre-Eterno$gorient. Ana Paula Ferreira Dias Barbosa Póvoa, Pedro Manuel Sousa Mendes Oliveira
210 #9 $aLisboa$c[s.n.],$d2015
215 ## $aXIII, 144 f.$cil.$d30 cm
320 ## $aBibliografia, f. 108-136
328 #1 $aTese dout. Engineering and Management, Inst. Superior Técnico, Univ. de Lisboa, 2015
675 ## $a004.42(043)$vBN$zpor$3793077
675 ## $a004.9(043)$vBN$zpor$3788403
675 ## $a005.59(043)$vBN$zpor$31223273
700 #1 $aPadre-Eterno,$bMaria Inês dos Santos Mendonça$31634169
702 #1 $aPóvoa,$bAna Paula F. D. Barbosa,$f1962-$4727$31211205
702 #1 $aOliveira,$bPedro,$f1971-$4727$3966686
801 #0 $aPT$bBN$gRPC
966 ## $lBN$mFGMON$sP. 43840 V.$x1

Etiqueta de registo: 00254nam 2200025 450
001 2278328
003 http://id.bnportugal.gov.pt/bib/catbnp/2278328
010 ## $a978-989-561-427-1
021 ## $aPT$b550044/25
100 ## $a20260309d2025 m y0pory01030103ba
101 0# $aeng
102 ## $aPT
105 ## $aa z 000yy
106 ## $ar
200 1# $aPatient innovation - inspiring stories about impactfull innovations developed by patients, caregivers and collaborators$fcoord. Helena Canhão, Pedro Oliveira$gspecial participation Richard Roberts, Eric von Hippel, Hans Jorgen Wiberg$gauthors Ana Duarte... [et al.]
205 ## $a1st ed
210 #9 $aLisboa$cSílabo,$d2025
215 ## $a162 p.$cil.$d24 cm
675 ## $a616-082(042)$vBN$zpor$31662728
675 ## $a821.134.3-94"20"$vBN$zpor$31565850
702 #1 $aCanhão,$bHelena,$f1967-$4340$31416801
702 #1 $aOliveira,$bPedro,$f1971-$4340$3966686
702 #1 $aRoberts,$bRichard,$f1943-$4205$31996695
702 #1 $aVon Hippel,$bEric, 1941-$4205$3261188
702 #1 $aWiberg,$bHans Jorgen,$f1965-$4205$31991663
702 #1 $96$aDuarte,$bAna$4070$31996701
801 #0 $aPT$bBN$gRPC
856 41 $uhttp://rnod.bnportugal.gov.pt/ImagesBN/winlibimg.aspx?skey=&doc=2278328&img=221467&save=true
900 ## $aBIBNAC$d20260423
966 ## $lBN$mFGMON$sS.A. 193669 V.$x1
966 ## $lBN$mFGMON$sS.A. 193669 V.-D$x1
971 ## $cabrito$d20260309
973 ## $ctrodrigues$d20260420
975 ## $e0$d20260423$viquintas

OpendataBNP@bnportugal.pt | Mais informação sobre acesso aos dados BNP